নৃতত্ত্বের সহজ পাঠ / (Record no. 39963)
[ view plain ]
| 000 -LEADER | |
|---|---|
| fixed length control field | 00970nam a2200253 a 4500 |
| 001 - CONTROL NUMBER | |
| control field | 39963 |
| 003 - CONTROL NUMBER IDENTIFIER | |
| rucl marc code | BD-RjUL |
| 005 - DATE AND TIME OF LATEST TRANSACTION | |
| control field | 20211209053115.0 |
| 008 - FIXED-LENGTH DATA ELEMENTS--GENERAL INFORMATION | |
| fixed length control field | 160420s1974 bg |||| |||| 00| 0 ben d |
| 020 ## - INTERNATIONAL STANDARD BOOK NUMBER | |
| Terms of availability | : Tk. 7.50 |
| 035 ## - SYSTEM CONTROL NUMBER | |
| System control number | (BD-RjUL)40077 |
| 040 ## - CATALOGING SOURCE | |
| Original cataloging agency | BD-RjUL |
| Language of cataloging | ben |
| Transcribing agency | BD-RjUL |
| 041 ## - LANGUAGE CODE | |
| Language code of text/sound track or separate title | ben |
| 082 ## - DEWEY DECIMAL CLASSIFICATION NUMBER | |
| Edition number | 23 |
| Classification number | 301 |
| Author mark and year | WHN 1974 |
| 100 ## - MAIN ENTRY--PERSONAL NAME | |
| Personal name | হোয়াইট, জে. ম্যানচিপ |
| 9 (RLIN) | 123093 |
| 245 10 - TITLE STATEMENT | |
| Title | নৃতত্ত্বের সহজ পাঠ / |
| Statement of responsibility, etc. | জে. ম্যানচিপ হোয়াইট ; মাহমুদা ইসলাম অনুদিত |
| 250 ## - EDITION STATEMENT | |
| Edition statement | ১ম সং. |
| 260 ## - PUBLICATION, DISTRIBUTION, ETC. (IMPRINT) | |
| Place of publication, distribution, etc. | ঢাকা : |
| Name of publisher, distributor, etc. | বাংলা একাডেমী, |
| Date of publication, distribution, etc. | ১৯৭৪ |
| 300 ## - PHYSICAL DESCRIPTION | |
| Pagination | [১৬] , ১৬৮ পৃ. ; |
| Size | ২৩ সেমি. |
| 650 ## - SUBJECT ADDED ENTRY--TOPICAL TERM | |
| Topical term or geographic name as entry element | নৃতত্ত্ব |
| 9 (RLIN) | 121539 |
| Topical term or geographic name as entry element | Anthropology |
| 9 (RLIN) | 123094 |
| 700 ## - ADDED ENTRY--PERSONAL NAME | |
| Personal name | ইসলাম, মাহমুদা, অনুবাদক |
| 942 ## - ADDED ENTRY ELEMENTS (KOHA) | |
| Source of classification or shelving scheme | Dewey Decimal Classification |
| Koha item type | Books |
| Lost status | Source of classification or shelving scheme | Damaged status | Not for loan | Collection code | Permanent Location | Current Location | Shelving location | Date acquired | Source of acquisition | Cost, normal purchase price | Total Checkouts | Full call number | Date last seen | Copy number | Koha item type |
|---|---|---|---|---|---|---|---|---|---|---|---|---|---|---|---|
| Dewey Decimal Classification | Non-fiction | Central Library, University of Rajshahi | Central Library, University of Rajshahi | 17/04/1978 | RUCL | 7.50 | B 301 WHN 1974 | 20/04/2016 | C-6 | Books | |||||
| Dewey Decimal Classification | Non-fiction | Central Library, University of Rajshahi | Central Library, University of Rajshahi | 08/05/1976 | Dhaka,Oriental Book Service | 7.50 | B 301 WHN 1974 | 23/04/2016 | C-5 | Books | |||||
| Dewey Decimal Classification | Non-fiction | Central Library, University of Rajshahi | Central Library, University of Rajshahi | 17/04/1978 | Eureka Book Agency, Rajshahi | 7.50 | B 301 WHN 1974 | 16/07/2016 | C-2 | Books | |||||
| Dewey Decimal Classification | Non-fiction | Central Library, University of Rajshahi | Central Library, University of Rajshahi | 08/05/1976 | Oriental book service | 7.50 | B 301 WHN 1974 | 26/09/2016 | C-3 | Books | |||||
| Dewey Decimal Classification | Non-fiction | Central Library, University of Rajshahi | Central Library, University of Rajshahi | 08/05/1976 | Rajshahi orient library | 7.50 | B 301 WHN 1974 | 22/11/2016 | C-4 | Books | |||||
| Dewey Decimal Classification | Not For Loan | Non-fiction | Central Library, University of Rajshahi | Central Library, University of Rajshahi | Reading Room | 08/05/1976 | Dhaka,Oriental Book Service | 7.50 | B 301 WHN 1974 | 22/04/2017 | C-1 | Books |